000 01190nam a2200301 a 4500
001 68347
003 BD-RjUL
005 20211209081747.0
008 170402s1988 nyua b 101 0 eng c
020 _a0897664396
020 _a089766440X (pbk.)
035 _a(BD-RjUL)68557
040 _aDNLM/DLC
_cDLC
_dBD-RjUL
_beng
041 _aeng
082 0 0 _a612.01577
_223
_bBIO 1988
245 0 0 _aBiology of the leukotrienes /
_cedited by Roberto Levi and Robert D. Krell.
260 _aNew York, N.Y. :
_bNew York Academy of Sciences,
_c1988.
300 _axxv, 475 p. :
_bill. ;
_c24 cm.
500 _aPapers presented at the Conference on the Biology of the Leukotrienes, held in Philadelphia, Pa., June 28 to July 1, 1987, for the New York Academy of Sciences.
504 _aIncludes bibliographies and indexes.
650 0 _aLeukotrienes
_xPhysiological effect
_xCongresses.
_9202630
650 2 _aLeukotrienes B
_xcongresses.
_9202631
700 1 _aLevi, Roberto.
_9202632
700 1 _aKrell, Robert D.
_9202633
710 2 _aNew York Academy of Sciences.
_9202634
711 2 _aConference on the Biology of the Leukotrienes
_d(1987 :
_cPhiladelphia, Pa.)
_9202635
942 _2ddc
_cBK
999 _c68347
_d68347